101 श्रेष्ठ क्रिकेट पटू (Record no. 456025)

MARC details
000 -LEADER
fixed length control field 00531nam a2200145Ia 4500
008 - FIXED-LENGTH DATA ELEMENTS--GENERAL INFORMATION
fixed length control field 100204s9999 xx 000 0 und d
082 ## - DEWEY DECIMAL CLASSIFICATION NUMBER
Item number 11589
100 ## - MAIN ENTRY--PERSONAL NAME
Personal name पंडित बाळ ज.
245 ## - TITLE STATEMENT
Title 101 श्रेष्ठ क्रिकेट पटू
260 ## - PUBLICATION, DISTRIBUTION, ETC. (IMPRINT)
Name of publisher, distributor, etc "उत्कर्ष प्रकाशन, पुणे"
Date of publication, distribution, etc 1988
300 ## - PHYSICAL DESCRIPTION
Extent 252
630 ## - SUBJECT ADDED ENTRY--UNIFORM TITLE
Uniform title 101 श्रेष्ठ क्रिकेट पटू
730 ## - ADDED ENTRY--UNIFORM TITLE
Uniform title 101 श्रेष्ठ क्रिकेट पटू
942 ## - ADDED ENTRY ELEMENTS (KOHA)
Koha item type Book
Holdings
Withdrawn status Lost status Damaged status Not for loan Home library Current library Date acquired Cost, normal purchase price Total Checkouts Full call number Barcode Date last seen Cost, replacement price Price effective from Koha item type Public note
  Missing from bundle     N. C. Kelkar Sarvajanik Library, Mulund N. C. Kelkar Sarvajanik Library, Mulund 02/04/2010 35.00   11589 NCKMULUND-11589 02/04/2010 35.00 02/04/2010 Book 1)गहाळ